The human right to water: a legal comparative perspective at the international, regional, and domestic level
保存先:
| 第一著者: | |
|---|---|
| フォーマット: | 図書 |
| 言語: | 英語 |
| 出版事項: |
Cambridge
Intersentia Ltd
2015
|
| 主題: | |
| タグ: |
タグ追加
タグなし, このレコードへの初めてのタグを付けませんか!
|
MARC
| LEADER | 00000cam a2200000 a 4500 | ||
|---|---|---|---|
| 001 | UCC9005 | ||
| 003 | CL-VaPUC | ||
| 008 | 190904e20150000uk |||||||||||||||||eng|d | ||
| 020 | |a 9781780682976 | ||
| 082 | 0 | 4 | |a 341.48 |b MUR |2 21 |
| 100 | 0 | |a Murillo Chávarro, Jimena |e author |9 603755 | |
| 245 | 1 | 4 | |a The human right to water: a legal comparative perspective at the international, regional, and domestic level |
| 300 | |a 381 p | ||
| 942 | |c BK | ||
| 945 | |d 20190904 15:40:00 |a cmena | ||
| 260 | |a Cambridge |b Intersentia Ltd |c 2015 | ||
| 650 | 0 | |a Derechos humanos |9 223025 | |
| 650 | 0 | |a Derechos fundamentales |9 254841 | |
| 650 | 0 | |a Agua |9 257149 | |
| 650 | 0 | |a Desarrollo sustentable |9 333905 | |
| 650 | 0 | |a Protección del medio ambiente |9 257626 | |
| 583 | |a last modification |c 20190904 15:40:00 |k Rodrigo Vera | ||
| 999 | |c 375200 |d 375198 | ||
| 952 | |0 0 |1 0 |3 erb |4 0 |6 341_480000000000000_MUR_2015 |7 0 |8 WP_COW |9 561145 |a BIBDER |b BIBDER |e Fundación W and P Cowley |i 5598761 |o 341.48 MUR 2015 |p 5598761 |r 2023-01-25 |w 2020-03-12 |y BK |z Catalogado en:20190904 |k WPC | ||